00257nam a2200109Ia 4500008004100000100001800041245002300059260002700082260000900109546001200118999001700130170619s9999 xx 000 0 und d aSwarup- Kanti 0aOperation research bNew Delhi Sultan Chand c2007 aENGLISH c22292d22292